Del paganismo al cristianismo: la época de Constantino el Grande
Đã lưu trong:
| Tác giả chính: | |
|---|---|
| Định dạng: | Sách |
| Ngôn ngữ: | Tiếng Tây Ban Nha |
| Được phát hành: |
Ciudad de México
Fondo de Cultura Económica
1945
|
| Phiên bản: | 1a. ed |
| Loạt: | Obras de Historia
|
| Những chủ đề: | |
| Các nhãn: |
Thêm thẻ
Không có thẻ, Là người đầu tiên thẻ bản ghi này!
|
MARC
| LEADER | 00000nam a2200000 a 4500 | ||
|---|---|---|---|
| 001 | UCG4504 | ||
| 003 | CL-VaPUC | ||
| 008 | 101104e19450000MX |||||||||||||||||spa|d | ||
| 020 | |a 9681611489 | ||
| 082 | 0 | 4 | |a 937.08 |b BUR |2 21 |
| 100 | 0 | |a Burckhardt, Jacob |e author |9 325782 | |
| 245 | 1 | 0 | |a Del paganismo al cristianismo: la época de Constantino el Grande |
| 250 | |a 1a. ed | ||
| 300 | |a 437 p | ||
| 942 | |c BK | ||
| 945 | |d 20101104 00:00:00 |a mfarfan | ||
| 260 | |a Ciudad de México |b Fondo de Cultura Económica |c 1945 | ||
| 650 | 0 | |a Paganismo |9 316776 | |
| 650 | 0 | |a Cristianismo |9 257361 | |
| 583 | |a last modification |c 20101104 00:00:00 |k Rodrigo Vera | ||
| 490 | 0 | |a Obras de Historia | |
| 999 | |c 343206 |d 343204 | ||
| 952 | |0 0 |1 0 |4 0 |6 937_080000000000000_BUR_1945 |7 0 |8 A |9 440305 |a BIBHIS |b BIBHIS |d 2019-11-22 |i 473081K |l 1 |o 937.08 BUR 1945 |p 473081K |r 2025-01-20 |s 2024-03-21 |w 2019-11-22 |y BK |k HIS | ||